banner koha

DRIS standard and normal ranges of foliar nutrients for the culture of ‘Thompson’ atemoya (Registro n. 329281)

MARC details
000 -LÍDER
fixed length control field 03599nab a2200277 i 4500
003 - CÓDIGO MARC DA AGÊNCIA CATALOGADORA
Campo de controle BR-BrBNA
005 - DATA E HORA DA ÚLTIMA ATUALIZAÇÃO
Campo de controle 20241216123550.0
008 - CAMPO DE TAMANHO FIXO
fixed length control field 241216b2017 bl.mr|pooa||| 00| 0 eng |
040 ## - FONTE DA CATALOGAÇÃO
Agência catalogadora BR-BrBNA
Idioma da catalogação eng
072 ## - CATEGORIA AGRIS
Código AGRIS F61
Código do objeto 1190
100 ## - ENTRADA PRINCIPAL - NOME PESSOAL
Nome pessoal Santos, Eduardo Maciel Haitzmann dos
100 ## - ENTRADA PRINCIPAL - NOME PESSOAL
Nome pessoal Rozane, Danilo Eduardo
245 ## - TÍTULO PRINCIPAL
Título principal DRIS standard and normal ranges of foliar nutrients for the culture of ‘Thompson’ atemoya
500 ## - NOTA GERAL
Nota geral Publicação on-line; 18 ref.; 5 tables; Sumaries (En, Pt)
942 ## - ADDED ENTRY ELEMENTS (KOHA)
Koha item type Analítica
520 ## - NOTA DE RESUMO
Nota de conteúdo <br/><br/>ABSTRACT - Atemoya, an interspecific hybrid belonging to Annonaceae family, is the outcome of a cross between cherimoya (Annona cherimola Mill.) and Custard apple (Annona squamosa L.). In light of the current shortage of scientific data on the nutritional management techniques for this fruit, the need to develop and apply a specific methodology becomes crucial. From the variety of plant diagnostic tools available, the DRIS method was selected, for use in the commercial cultivation of the ‘Thompson’ cultivar of atemoya located in the São Paulo State, municipalities of Itapetininga, Piedade, Pilar do Sul and Salto de Pirapora. Normal nutrient ranges were determined to interpret the levels of N, P, K, Ca, Mg, S, B, Cu, Fe, Mn and Zn in the culture through statistical regression analysis and samples of leaf dry matter, with their respective DRIS indices. Although the general index of the nutritional balance of DRIS disallowed establishing a link with productivity, this study achieved it based on the standard of determining normal ranges for cognate macronutrients to the ones cited in the literature.<br/><br/>Key words: Annonaceae, Mineral nutrition, foliar diagnosis, nutritional balance.
520 ## - NOTA DE RESUMO
Nota de conteúdo <br/><br/>RESUMO - A atemoia é um híbrido interespecífico, da família da Annonaceae, obtido pelo cruzamento da cherimoia (Annona cherimola Mill.) e a fruta-pinha (Annona squamosa L.). Devido a falta de informações científicas disponíveis para a fruta sobre os procedimentos de manejo nutricional, o desenvolvimento e a aplicação de uma metodologia específica são de grande importância. Dentre as ferramentas disponíveis para a realização da diagnose de plantas temos o método DRIS. Este foi empregado em talhões comerciais de atemoia do cultivar ‘Thompson’ nos municípios do estado de São Paulo: Itapetininga, Piedade, Pilar do Sul e Salto de Pirapora. A determinação das faixas normais de nutrientes para a interpretação dos níveis de N, P, K, Ca, Mg, S, B, Cu, Fe, Mn e Zn na cultura foram obtidas pela análise estatística de regressão relacionando os seus teores, presentes nas matérias secas das amostras foliares com seus respectivos índices DRIS. Embora o índice geral de balanço nutricional do DRIS não tenha permitido estabelecer uma relação com a produtividade, foi possível, com base na norma, determinar faixas normais para macronutrientes semelhantes aos encontrados na literatura.<br/><br/>Palavras-chave: Annonaceae, nutrição mineral, diagnose foliar, balanço nutricional.
650 ## - ASSUNTO - THESAGRO
Cabeçalho tópico ou nome geográfico ATEMOIA
650 ## - ASSUNTO - THESAGRO
Cabeçalho tópico ou nome geográfico FRUTA TROPICAL
650 ## - ASSUNTO - THESAGRO
Cabeçalho tópico ou nome geográfico NUTRIENTE MINERAL
650 ## - ASSUNTO - THESAGRO
Cabeçalho tópico ou nome geográfico ANÁLISE FOLICULAR
650 ## - ASSUNTO - THESAGRO
Cabeçalho tópico ou nome geográfico ABSORÇÃO DE NUTRIENTES
773 0# - ENTRADA ANALÍTICA
Host Biblionumber 2408
Registro do item 346530
Imprenta Santa Maria-RS Universidade Federal de Santa Maria - Centro de Ciências Rurais 1991
Outro identificador 2024-7201
Título Ciência Rural (Brazil)
ISSN 0103-8478 Versão online ISSN 1678-4596
Colação v. 47(4) p. 1-7; (2017)
Número de controle de registro BR2024004070
856 ## - ACESSO E ENDEREÇO ELETRÔNICO
Identificador uniforme de recurso - URI https://www.scielo.br/j/cr/a/QBYThjgpWn3mYCR6xvrZxML/?format=pdf&lang=en

Nenhum exemplar disponível.

BINAGRI

Telefone: (61)3218-2567/2388/3357/2097 - binagri@agro.gov.br

Ministério da Agricultura e Pecuária , Esplanada dos Ministérios, Bloco D, Anexo B, Brasília/DF, CEP: 70.043-900